| 000 | 00789nam a22002655i 4500 | ||
|---|---|---|---|
| 001 | 12295 | ||
| 003 | ES-MaACL | ||
| 005 | 20250701212921.0 | ||
| 007 | t| | ||
| 008 | 950808s1995 sp ||||0| spa j | ||
| 020 | _a84-7923-048-7 | ||
| 040 |
_aM-BN _bspa _cM-BN |
||
| 080 | _a1 Locke, John | ||
| 100 | 1 |
_aGarcía Sánchez, Esmeralda. _955261 |
|
| 245 | 1 | 0 |
_aJohn Locke (1632-1704) / _cEsmeralda García Sánchez. |
| 250 | _a1ª ed. | ||
| 260 |
_aMadrid : _bEdiciones del Orto, _c1995. |
||
| 300 |
_a93 p ; _c17 cm. |
||
| 490 | 1 | _aBiblioteca filosófica | |
| 504 | _aBibliografía: p. [91]-93. | ||
| 600 | 1 | 4 |
_aLocke, John- _xCrítica e interpretación. _973047 |
| 830 | 0 | 0 |
_aBiblioteca filosófica _9179275 |
| 852 |
_aES-MaACL _jL-19546 _bR.124346 |
||
| 999 |
_c12295 _d12295 |
||